| 000 | 01277nam a2200289 c 4500 | ||
|---|---|---|---|
| 999 |
_c29094 _d29094 |
||
| 003 | BLK | ||
| 005 | 20241001154838.0 | ||
| 008 | 180407b bul|||||r ||||||| ||bul|| | ||
| 010 | _aKNG00031704000 | ||
| 020 | _a954-8251-12-1 | ||
| 040 | _aBLK | ||
| 041 |
_aBUL _cBUL |
||
| 080 |
_aВъзпитание у дома. Семейно възпитание _b37.018.1 _x(035) _z37.018.1(035) |
||
| 080 |
_aПсихология на детската възраст. Интелектуално развитие на децата. Психически особености. Детски представи, описани в разкази _b159.922.7 _z159.922.7 |
||
| 100 | 1 |
_aМанчиноти, Сузана _eпърви автор _992476 |
|
| 139 |
_aМанчиноти, Сузана _bМ 28 |
||
| 245 | 1 | 0 |
_aДобрите маниери на възпитаните деца _cСузана Манчиноти. |
| 257 | _aBGR | ||
| 260 |
_bГема _c2000 _aСофия |
||
| 300 |
_a40 с. _bс цв. ил. _c28 см |
||
| 380 | _a3 | ||
| 490 |
_aЕнциклопедия на златните знания _9202500 |
||
| 856 | 4 |
_qpdf _i0.00 _ldisable |
|
| 856 | 4 |
_qpdf _i0.00 _ldisable |
|
| 942 |
_cKNG _n0 _027 _s1 |
||
| 944 |
_aCR _c15.01.2003 _k30543 _lИва Цветкова |
||